Encyclopaedia of computer knowledge: Computer course kit. V.1-2 (Record no. 42482)

MARC details
000 -LEADER
fixed length control field 00315nam a2200109Ia 4500
082 ## - DEWEY DECIMAL CLASSIFICATION NUMBER
Classification number 004(031)
Item number GUP
100 ## - MAIN ENTRY--AUTHOR NAME
Personal name Gupta, Vikas
245 #0 - TITLE STATEMENT
Title Encyclopaedia of computer knowledge: Computer course kit. V.1-2
260 ## - PUBLICATION, DISTRIBUTION, ETC. (IMPRINT)
Place of publication New Delhi
Name of publisher Dreamtech Press
Year of publication 2006
942 ## - ADDED ENTRY ELEMENTS (KOHA)
Koha item type Books
Holdings
Withdrawn status Lost status Damaged status Not for loan Home library Current library Date acquired Full call number Accession Number Koha item type
        RRII Library RRII Library 16/12/2021 004(031) GUP 22754 Books